000 00331nam a22001337a 4500
008 170615b xxu||||| |||| 00| 0 eng d
020 _a0876740379
041 _aeng
080 _a32
100 _a19
101 _aSHP
245 _aCONFLICT AND VIOLENCE IN LEBANON: CONFRONTATION IN THE MIDDLE EAST
_cKHALIDI,W
942 _2udc
_cBK
999 _c17529
_d17529